Stories of Inventors : (Record no. 240623)
[ view plain ]
| 000 -LEADER | |
|---|---|
| fixed length control field | 01271cam a22002533a 4500 |
| 001 - CONTROL NUMBER | |
| control field | 11368 |
| 003 - CONTROL NUMBER IDENTIFIER | |
| control field | PGUSA |
| 005 - DATE AND TIME OF LATEST TRANSACTION | |
| control field | 20140828083236.0 |
| 008 - FIXED-LENGTH DATA ELEMENTS--GENERAL INFORMATION | |
| fixed length control field | 040201s2004||||xxu|||||s|||||000 | eng d |
| 040 ## - CATALOGING SOURCE | |
| Original cataloging agency | PGUSA |
| Language of cataloging | eng |
| 042 ## - AUTHENTICATION CODE | |
| Authentication code | dc |
| 050 #4 - LIBRARY OF CONGRESS CALL NUMBER | |
| Classification number | T |
| 100 1# - MAIN ENTRY--PERSONAL NAME | |
| Personal name | Doubleday, Russell, |
| Dates associated with a name | 1872-1949 |
| 245 10 - TITLE STATEMENT | |
| Title | Stories of Inventors : |
| Remainder of title | The Adventures of Inventors and Engineers |
| Medium | [electronic resource] / |
| Statement of responsibility, etc | Russell Doubleday |
| 260 ## - PUBLICATION, DISTRIBUTION, ETC. (IMPRINT) | |
| Name of publisher, distributor, etc | Project Gutenberg, |
| Date of publication, distribution, etc | 2004 |
| 505 0# - FORMATTED CONTENTS NOTE | |
| Formatted contents note | How Guglielmo Marconi telegraphs without wires -- Santos-Dumont and his air-ship -- How a fast train is run -- How automobiles work -- The fastest steamboats -- The life-savers and their apparatus -- Moving pictures: some strange subjects and how they were taken -- Bridge builders and some of their achievements -- Submarines in war and peace -- Long-distance telephony: what happens when you talk into a telephone receiver -- A machine that thinks: a type-setting machine that makes mathematical calculations -- How heat produces cold: artificial ice-making. |
| 506 ## - RESTRICTIONS ON ACCESS NOTE | |
| Terms governing access | Public domain in the USA. |
| 516 ## - TYPE OF COMPUTER FILE OR DATA NOTE | |
| Type of computer file or data note | Electronic text |
| 653 ## - INDEX TERM--UNCONTROLLED | |
| Uncontrolled term | Inventions |
| 653 ## - INDEX TERM--UNCONTROLLED | |
| Uncontrolled term | Inventors |
| 830 #0 - SERIES ADDED ENTRY--UNIFORM TITLE | |
| Uniform title | Project Gutenberg |
| Volume number/sequential designation | 11368 |
| 856 40 - ELECTRONIC LOCATION AND ACCESS | |
| Uniform Resource Identifier | <a href="http://www.gutenberg.org/ebooks/11368">http://www.gutenberg.org/ebooks/11368</a> |
| 942 ## - ADDED ENTRY ELEMENTS (KOHA) | |
| Koha item type | eBooks |
| Withdrawn status | Lost status | Damaged status | Home library | Current library | Date acquired | Total Checkouts | Date last seen | Price effective from | Koha item type |
|---|---|---|---|---|---|---|---|---|---|
| Project Gutenberg | Project Gutenberg | 08/28/2014 | 08/28/2014 | 08/28/2014 | eBooks |